Statistiques concernant Taper 1 à 100 le plus rapidement possible

Cliquez ici pour prendre le quiz!

Statistiques générales

  • Ce quiz a été pris 44 fois
  • Le résultat moyen est 53 sur 100

Statistiques - réponses

#% Correct
1
100%
2
100%
10
91%
11
91%
12
91%
14
91%
15
91%
16
91%
17
91%
18
91%
19
91%
21
91%
3
91%
4
91%
5
91%
6
91%
7
91%
8
91%
9
91%
13
82%
22
82%
23
82%
25
82%
20
73%
26
73%
27
73%
28
73%
29
73%
31
73%
38
73%
41
73%
46
73%
52
73%
24
64%
30
64%
32
64%
33
64%
34
64%
35
64%
36
64%
37
64%
39
64%
40
64%
42
64%
43
64%
44
64%
45
64%
47
64%
48
64%
49
64%
51
64%
53
64%
54
64%
56
64%
57
64%
50
55%
55
55%
58
55%
59
55%
60
55%
61
55%
64
55%
62
45%
63
45%
67
45%
65
36%
66
36%
68
36%
69
36%
70
36%
71
27%
73
27%
74
27%
76
27%
78
27%
82
27%
72
18%
77
18%
81
18%
84
18%
89
18%
98
18%
75
9%
79
9%
80
9%
83
9%
88
9%
92
9%
93
9%
94
9%
97
9%
100
0%
85
0%
86
0%
87
0%
90
0%
91
0%
95
0%
96
0%
99
0%

Distribution des résultats

Percentile par nombre de réponses

% des personnes avec chaque résultat

Votre développement - résultats

Vous n’avez pas pris ce quiz